000 00834 a2200169 4500
003 Nust
005 20230718133240.0
040 _cNust
082 _a621.31,HUG
100 _aHughes, Edward
_940966
245 _aApplied Electricity /
_cEdward Hughes
260 _aLongmans
_bNew York
_c1953
300 _a411 p.
505 _aElectromagnetism (Page-1), Electrostatics (Page-48), D.C. Generators and Motors (Page-82), Single-Phase Circuits (Page-120), Three-Phase Circuits (Page-166), Transformers (Page-194), Alternators (Page-240), Production of a Rotating Magnetic Field (Page-255), Alternators (Page-262), Synchronous Motors (Page-278), Induction Motors (Page-285), Thermionic (Page-305), Electric Lamps and Illumination (Page-351), Symbolic Notation (Page-376).
650 _aElectricity
_939895
942 _2ddc
_cBK
_k621.31,HUG
999 _c180405
_d180405